00505nam a2200145Ia 4500008004100000082001500041100003200056245003700088260004100125630001800166650004600184942000900230952010500239999001500344211109s9999||||xx |||||||||||||| ||und|| a809bWAL-O aWalker, Hugh And Mrs Hugh,  0aOutlines Of Victorian Literature bCambridge UniversityaNew Yorkc1925 xGeneral Stack aHISTORYvDESCRIPTIONCRITICISMxLiterature cBOOK 00104070aSBCLbSBCLc2d2021-11-09l0o809 WAL-Op00004022r2021-11-09 00:00:00w2021-11-09yBOOK c3677d3677